An economic history of Africa from the earliest times to partition /

Bibliographic Details
Main Author: Wickins, P. L., 1925-
Format: Book
Language:English
Published: Cape Town ; New York : Oxford University Press, 1981.
Subjects:

MARC

Tag First Indicator Second Indicator Subfields
LEADER 00000cam a2200000 a 4500
001 in00000086173
005 20151008062601.0
008 811212s1981 sa b b 00110 eng
010 |a  81157598  
015 |a SA*** 
020 |a 0195701925 
035 |a (OCoLC)08063736 
035 |9 AAK0528AM 
039 0 |a 2  |b 3  |c 3  |d 3  |e 3 
040 |a DLC  |c DLC  |d TXA  |d UtOrBLW 
043 |a f------ 
049 |a TXAM  |c [387457] 
050 0 0 |a HC800  |b .W52 1981 
082 0 |a 330.96  |2 19 
100 1 |a Wickins, P. L.,  |d 1925- 
245 1 3 |a An economic history of Africa from the earliest times to partition /  |c P.L. Wickins. 
264 1 |a Cape Town ;  |a New York :  |b Oxford University Press,  |c 1981. 
300 |a 323 pages :  |b maps ;  |c 23 cm. 
336 |a text  |b txt  |2 rdacontent 
337 |a unmediated  |b n  |2 rdamedia 
338 |a volume  |b nc  |2 rdacarrier 
504 |a Includes bibliographies and index. 
651 0 |a Africa  |x Economic conditions  |y To 1918. 
999 |a MARS 
999 f f |s bd4dfed7-5442-3d18-97c0-268fb34f5512  |i bead42db-95f1-3614-95b8-7619a48c873d  |t 0 
952 f f |p ric  |a Texas A&M University  |b Rellis Campus  |c Joint Library Facility  |d Remote Storage  |t 0  |e HC800 .W52 1981  |h Library of Congress classification  |i unmediated -- volume  |m A14806123196 
998 f f |a HC800 .W52 1981  |t 0  |l Remote Storage